| 000 | 00727nam a2200229 i 4500 | ||
|---|---|---|---|
| 001 | 81612 | ||
| 003 | ES-MaACL | ||
| 005 | 20250728113737.0 | ||
| 007 | t| | ||
| 008 | 041105s1929 fr ||||1| fre d | ||
| 100 | 1 |
_aHubert, Henri. _964497 |
|
| 245 | 1 | 0 |
_aMélanges d'histoire des religions / _cpar Henri Hubert et M. Mauss. |
| 250 | _a10ème ed. | ||
| 260 |
_aParis : _b[s.n., _c1929] ( _eEvreux : _fCh. Herissey) |
||
| 300 |
_a236 p. ; _c23 cm. |
||
| 490 | 1 | _aBibliothèque de philosophie contemporaine | |
| 650 | 0 | 4 |
_aReligiones- _xHistoria _916823 |
| 700 | 1 |
_aMauss, Marcel. _979284 |
|
| 830 | 0 |
_aBibliothèque de philosophie contemporaine _9181027 |
|
| 852 |
_aES-MaACL _jB-5571 |
||
| 999 |
_c81612 _d81612 |
||